Mechanical testing of metallic materials;with special reference to proof stress (Record no. 3260)

000 -LEADER
fixed length control field 00448nam a22001577a 4500
008 - FIXED-LENGTH DATA ELEMENTS--GENERAL INFORMATION
fixed length control field 200323b ||||| |||| 00| 0 eng d
082 00 - DEWEY DECIMAL CLASSIFICATION NUMBER
Classification number 629.1342
Item number B379
100 ## - MAIN ENTRY--PERSONAL NAME
9 (RLIN) 2772
Personal name Beaumont, R. A.
245 10 - TITLE STATEMENT
Title Mechanical testing of metallic materials;with special reference to proof stress
250 ## - EDITION STATEMENT
Edition statement 3rd ed
260 ## - PUBLICATION, DISTRIBUTION, ETC. (IMPRINT)
Place of publication, distribution, etc London
Name of publisher, distributor, etc Pitman
Date of publication, distribution, etc 1954
300 ## - PHYSICAL DESCRIPTION
Extent xi,250 p.
365 ## - TRADE PRICE
Unit of pricing 16.04
650 #0 - SUBJECT ADDED ENTRY--TOPICAL TERM
Topical term or geographic name as entry element Metals Testing
942 ## - ADDED ENTRY ELEMENTS (KOHA)
Item type Books
Holdings
Withdrawn status Lost status Source of classification or shelving scheme Damaged status Not for loan Permanent location Current location Date acquired Source of acquisition Full call number Barcode Date last seen Koha item type
          IMU Kolkata IMU Kolkata 1958-02-20 Bailey books and suppliers 629.1342 B379 02378 2020-03-23 Books
Designed and Maintained by IMU-KC Library, Kolkata Campus © Copyright All Rights Reserved

webs counters

Powered by Koha